Medaliści BK na żużlu w latach 1976-2000 - Statystyki

Ogólne statystyki
  • Ten quiz został rozwiązany 31 razy
  • Średni wynik to 51 z 72
Statystyki odpowiedzi
Rok Miasto Złoto % Poprawnych
1976 Łódź Alfred Siekierka
100%
Andrzej Huszcza
100%
Herbert Karwat
100%
Jarosław Szymkowiak
100%
1979 Częstochowa Józef Kafel
100%
Krzysztof Bas
100%
Marek Kępa
100%
1980 Opole Marek Kępa
100%
1977 Gdańsk Mieczysław Kmieciak
100%
1978 Rybnik Mieczysław Kmieciak
100%
Mirosław Berliński
100%
1981 Świętochłowice Mirosław Berliński
100%
Piotr Świst
100%
1986 Leszno, Gniezno Piotr Świst
100%
1984 Bydgoszcz Ryszard Dołomisiewicz
100%
Ryszard Dołomisiewicz
100%
1985 Gorzów, ZG Zbigniew Błażejczak
100%
Andrzej Huszcza
75%
Bronisław Klimowicz
75%
Dariusz Rachwalik
75%
Ireneusz Kwieciński
75%
1989 Gniezno, Ostrów Jacek Rempała
75%
Jacek Rempała
75%
Janusz Ślączka
75%
Jarosław Olszewski
75%
1988 Toruń, Grudziądz Jarosław Olszewski
75%
Krzysztof Cegielski
75%
Krzysztof Kuczwalski
75%
Krzysztof Kwiatkowski
75%
1992 Krosno Maciej Bargiel
75%
Marek Bzdęga
75%
Marek Towalski
75%
Marian Witelus
75%
Mirosław Daniszewski
75%
Mirosław Daniszewski
75%
Piotr Baron
75%
1993 Tarnów Piotr Baron
75%
Piotr Podrzycki
75%
1987 GW, ZG Piotr Świst
75%
Rafał Dobrucki
75%
Rafał Dobrucki
75%
1995 Lublin Rafał Dobrucki
75%
1997 Pila Rafał Okoniewski
75%
1998 Ostrów Rafał Okoniewski
75%
1999 Toruń Rafał Okoniewski
75%
1990 Tarnów Robert Kużdżał
75%
1983 Ostrów Ryszard Franczyszyn
75%
Sławomir Dudek
75%
Sławomir Dudek
75%
Tomasz Cieślewicz
75%
Tomasz Gollob
75%
Adam Łabędzki
50%
1991 Leszno, Gniezno Adam Łabędzki
50%
1996 Bydgoszcz Damian Baliński
50%
Henryk Jasek
50%
Mariusz Franków
50%
Robert Mikołajczak
50%
Tomasz Bajerski
50%
Tomasz Chrzanowski
50%
Tomasz Kornacki
50%
Tomasz Poprawski
50%
Waldemar Szuba
50%
1994 Piła Waldemar Walczak
50%
Grzegorz Walasek
25%
Jacek Woźniak
25%
Krzysztof Słaboń
25%
Krzysztof Słaboń
25%
Marcin Ryczek
25%
Mariusz Węgrzyk
25%
Paweł Duszyński
25%
2000 Leszno Roman Chromik
25%
Sebastian Smoter
25%
Nie znaleziono quizów pasujących do podanych kryteriów
Rozkład punktacji
Procent ludzi z każdym wynikiem
Percentyl według liczby udzielonych odpowiedzi
Twoja historia wyników
Nie rozwiązałeś tego quizu